Sanat - "Se sattuu" -Cuulas - Statistics

Yleistilastot
  • Tätä visaa on pelattu 8 kertaa
  • Keskiarvotulos 100 / 159
Vastaustilastot
Vastaus % Oikein
alkoi
100%
en
100%
ennenkin
100%
koulut
100%
koulutietäni
100%
kuljin
100%
100%
ne
100%
niinkuin
100%
siinä
100%
Sinä
100%
syksynä
100%
yksin
100%
aina
75%
ajattelevatko
75%
et
75%
halusin
75%
hiljaa
75%
istuin
75%
itkin
75%
itseni
75%
ja
75%
jäin
75%
jälkeen
75%
jollekin
75%
jotain
75%
jotenkin
75%
kaiken
75%
kaikki
75%
käsityksin
75%
kasvoilla
75%
katsoin
75%
käy
75%
kertoa
75%
kiertotietä
75%
kotimatkaa
75%
koulun
75%
kuinka
75%
kuljeksin
75%
kuuntelin
75%
kyynelsilmin
75%
mietin
75%
minä
75%
muuttui
75%
näin
75%
olla
75%
ollenkaan
75%
paljon
75%
pelkäsin
75%
pilkkahuutoja
75%
pitkään
75%
riemun
75%
sattuu
75%
se
75%
siihen
75%
tää
75%
tahdoin
75%
tahtoisi
75%
tän
75%
teinköhän
75%
toisetkin
75%
toisten
75%
tottuu
75%
tunsin
75%
väärin
75%
vai
75%
vain
75%
välitunnilla
75%
yksinäiseksi
75%
enemmän
50%
ethän
50%
he
50%
huomista
50%
hyvän
50%
istahdin
50%
kauniit
50%
kiven
50%
kuitenkin
50%
kului
50%
kyynelin
50%
lentoon
50%
luulevatko
50%
metsänreunaan
50%
mitään
50%
muita
50%
nousen
50%
on
50%
onnellisin
50%
päälle
50%
päiviä
50%
pelkää
50%
pikkuinen
50%
siivet
50%
siivin
50%
silloin
50%
tahtoisin
50%
toivoisi
50%
usein
50%
vahvempana
50%
vahvistettu
50%
valvon
50%
ystävän
50%
ei
25%
enää
25%
entistä
25%
hentoon
25%
jää
25%
jolloin
25%
kaikkea
25%
kantaa
25%
laulusi
25%
lentäisin
25%
minäkin
25%
päivä
25%
soimaan
25%
sua
25%
taivas
25%
tarkoittavatko
25%
tarttuisi
25%
tosiaan
25%
tulee
25%
tuota
25%
tuulet
25%
aivan
0%
arkipäivää
0%
liian
0%
monen
0%
silti
0%
sinun
0%
uskon
0%
Ehtoja vastaavia visoja ei löytynyt
Tulosjakauma
Jokaisen tuloksen saaneiden osuus
Persentiili vastausten määrän mukaan
Tuloshistoriasi
Et ole pelannut tätä visaa